[Event "Stay Safe Play From Home 361"]
[Site "Emanuel Lasker Arena"]
[Date "2020.08.06"]
[Round "3"]
[White "AChessPlayer"]
[Black "Greblah"]
[Result "1-0"]
[WhiteElo "2427"]
[BlackElo "1835"]
[Annotator "TA"]
[PlyCount "91"]
[EventDate "2020.08.06"]
[EventType "swiss (blitz)"]

{[%evp 9,91,-8,-7,-16,-24,-33,-23,-28,-26,-27,0,-21,0,0,-3,0,15,18,55,25,79,26,109,76,79,60,92,58,80,78,87,79,122,119,154,148,162,36,36,32,36,-11,-13,-13,-11,-23,-23,-23,0,-23,-23,-23,-23,-23,97,0,140,77,204,84,159,141,720,725,702,655,710,308,1970,1891,1375,637,481,128,128,128,128,128,474,591,563,562,29999,794]} 1. Nf3 c6 2. g3 d5 3. Bg2 Nf6 4. d3 g6 5. Bd2 Bg7 6. Qc1 {[#] A07: Réti Opening: New York and Capablanca Systems.} O-O $146 ({Predecessor:} 6... Nbd7 7. O-O O-O 8. c4 b6 9. cxd5 cxd5 10. Qc6 Ba6 11. Bb4 Re8 12. Nc3 Qc8 {1-0 (20) Tologontegin,S (2391)-Ayyad,M (2138) Sharjah 2014}) 7. Bh6 Nbd7 8. Bxg7 {Black has an edge.} Kxg7 9. c4 e6 10. b3 b5 11. Nbd2 Bb7 12. O-O a5 {[%cal Ba7a5,Ba5a4][%mdl 32]} 13. Qb2 a4 14. Rfc1 Kg8 (14... a3 $11 15. Qc3 Qe7) 15. b4 (15. cxb5 $16 a3 16. Qd4 cxb5 17. Qb4) 15... Nb6 (15... bxc4 $11 16. dxc4 a3) 16. c5 Nbd7 17. a3 Re8 18. d4 Qc7 19. Ne5 Nxe5 20. dxe5 Nd7 21. f4 Rad8 22. e4 Nf8 23. exd5 (23. Nf3 $18) 23... exd5 $14 24. Nf3 Ne6 25. Nd4 Nxd4 26. Qxd4 Bc8 27. Rf1 Bf5 28. Rae1 h5 29. h3 Qd7 30. Kh2 Kh7 31. Re3 Bc2 {[#]} (31... Qe6 $11) 32. Rfe1 ({White should play} 32. g4 $1 $16 {[%mdl 512]}) 32... Bb3 {[#]} (32... Qe6 $11 {keeps the balance.}) 33. Bf3 ({White should try} 33. g4 $1 {[%mdl 512]}) 33... Bc4 (33... Qe6 $16) 34. Kg2 (34. g4 $1 $18) 34... Qe7 (34... Bb3 $142) 35. g4 hxg4 $2 {[%mdl 8192]} (35... Rg8 $16) 36. hxg4 $18 Rh8 37. Rh1+ Kg8 {intending ...Rxh1.} 38. Ree1 (38. Rxh8+ $142 Kxh8 39. e6+ Kg8 40. f5) 38... Qe6 $2 (38... Rxh1 39. Rxh1 Re8) 39. Rxh8+ Kxh8 {[#]} 40. Rh1+ (40. f5 $142 $1 {[%mdl 512]} gxf5 41. gxf5 Qxf5 42. Qh4+ {[%mdl 64] Double Attack} Kg7 43. Qxd8 Qg6+ 44. Kh2 Qh7+ 45. Kg3 Qg6+ 46. Bg4 Qd3+ 47. Kh4) 40... Kg7 {[#]} 41. g5 $2 (41. f5 $1 $18 {[%cal Rf5f6][%mdl 512] is the precise move to win.} gxf5 42. Qf4 fxg4 43. Be4 $1 {[%mdl 512]} dxe4 44. Qg5+ {[%mdl 64] Double Attack} Qg6 45. Qxd8) 41... Rh8 $16 42. Rxh8 Kxh8 {[#]} 43. Kg3 $1 {Strongly threatening Bg4.} Kg7 $2 {[%mdl 8192]} (43... Qe7 $16) 44. Bg4 $18 Qe7 45. e6+ Kf8 46. Qe5 {Accuracy: White = 51%, Black = 40%.} (46. Qh8# $142) 1-0

[Event "Stay Safe Play From Home 361"]
[Site "Emanuel Lasker Arena"]
[Date "2020.08.06"]
[Round "3"]
[White "Lamborghini"]
[Black "James Harcourt"]
[Result "1-0"]
[WhiteElo "2285"]
[BlackElo "1365"]
[Annotator "TA"]
[PlyCount "121"]
[EventDate "2020.08.06"]
[EventType "swiss (blitz)"]

{[%evp 12,120,53,60,116,119,129,122,152,145,252,235,252,235,313,265,318,332,377,377,564,555,550,347,333,328,832,828,822,815,887,877,895,900,1004,997,29978,29979,29986,29986,29986,29972,29964,29970,29986,29987,29987,29988,29990,29988,29990,29991,29991,29990,29992,29993,29993,29993,29993,29993,29993,29993,29993,29993,29993,29992,29992,29992,29993,29992,29992,29992,29992,29991,29991,29992,29992,29992,29992,29992,29992,29992,29992,29992,29992,29992,29992,29992,29993,29994,29994,29995,29995,29995,29995,29996,29996,29996,29996,29997,29997,29996,29996,29997,29997,29997,29997,29997,29998,29999,29999]} 1. e4 e5 2. Nf3 Nf6 3. d4 d6 4. Nc3 Nc6 5. Bb5 Bd7 6. Bxc6 Bxc6 7. Qd3 {[#]} Bd7 $146 {C62: Ruy Lopez: Steinitz Defence.} (7... exd4 $14 8. Nxd4 Be7) ({Predecessor:} 7... exd4 8. Nxd4 g6 9. Nxc6 bxc6 10. Qa6 Qd7 11. Qb7 Rc8 12. Qxa7 Bg7 13. O-O O-O 14. f3 Ra8 15. Qf2 Rfb8 16. Rd1 {1-0 (43) Baramidze,D (2614)-Thiede,L (2411) Germany 2019}) 8. dxe5 $16 dxe5 9. Nxe5 Bd6 {White is better.} 10. Nc4 b5 (10... Bb4 $16 {might work better.}) 11. Nxd6+ $18 cxd6 12. Qxd6 Qe7 13. Qxe7+ Kxe7 14. Bg5 Rhe8 15. O-O-O h6 (15... Kd8 $142 16. Rd5 Kc7 17. Bxf6 gxf6) 16. Nd5+ Kf8 17. Nxf6 gxf6 18. Bxh6+ ({Resist} 18. Rxd7 fxg5 19. f3 Re7 $18) 18... Kg8 $2 {[#]} (18... Ke7 19. f3 f5) 19. Rxd7 Rxe4 20. Be3 Rae8 21. Rhd1 f5 22. g3 f4 23. gxf4 f5 24. Rg1+ {White mates.} Kf8 25. Rgg7 {[%csl Gg7][%cal Rd7f7]} R4e7 26. Bc5 {[%mdl 64] [#] Pin} Kxg7 27. Rxe7+ Kf6 28. Rxe8 {[%mdl 4096] Endgame} b4 29. Bd4+ Kg6 30. Re5 b3 31. axb3 {[%cal Ba2b3,Bb3a4][%mdl 32]} a5 32. Kb1 a4 33. bxa4 Kh5 34. Ka2 Kg4 35. Kb3 Kf3 36. Kc4 Kg2 37. Be3 Kh1 38. Kc5 Kg2 39. Kb5 Kh1 40. Kb6 Kg2 41. Kb7 Kh1 42. Ka8 Kg2 43. Kb8 Kh1 44. Kc8 Kg2 45. Kd8 Kh1 46. Ke8 Kg2 47. Kf8 Kf1 48. Kg8 Kg2 49. Kg7 Kh1 50. Kg6 Kg2 51. Kxf5 Kf1 52. Ke4 Kg2 53. f5 Kh1 54. f6 Kg2 55. f4 Kf1 56. f5 Kg2 57. f7 Kf1 58. f6 Ke1 59. Rg5 Kd1 60. Kd3 {[%cal Rg5g1]} Ke1 61. Rg1# {White took control after the opening. Accuracy: White = 77%, Black =  6%.} 1-0

[Event "Stay Safe Play From Home 361"]
[Site "Emanuel Lasker Arena"]
[Date "2020.08.06"]
[Round "3"]
[White "SoulofWolf"]
[Black "Stefanone"]
[Result "1-0"]
[WhiteElo "2249"]
[BlackElo "1927"]
[Annotator "TA"]
[PlyCount "69"]
[EventDate "2020.08.06"]
[EventType "swiss (blitz)"]

{[%evp 9,69,20,20,29,20,28,33,37,45,31,42,38,37,38,35,27,27,0,30,19,48,-64,-85,-75,-87,-166,59,54,249,226,377,364,596,582,820,784,769,591,529,419,620,552,569,529,1347,1039,1039,365,308,215,329,310,697,686,663,627,627,625,5947,5111,29989,29990]} 1. c4 c6 2. Nc3 d5 3. e3 e6 4. Nf3 f5 5. cxd5 exd5 6. d3 {A11: English Opening: 1...c6.} Nf6 7. g3 Bd6 8. Bg2 {White is slightly better.} O-O 9. O-O Qe7 {[#]} 10. a3 $146 ({Predecessor:} 10. Qc2 Be6 11. Bd2 Nbd7 12. a3 Ng4 13. Ne2 c5 14. Nf4 Bxf4 15. exf4 Qd6 16. Rac1 {0-1 (49) Fritz-Lipok,E Germany 1992}) 10... Nbd7 11. b4 Ne5 12. Bb2 Nxf3+ 13. Qxf3 Be6 14. Rfe1 h6 15. h4 (15. Qd1 $14) 15... g5 $15 16. hxg5 hxg5 17. Rac1 {[#]} (17. Na4 $17) 17... g4 $2 (17... Ng4 $1 $19 18. b5 Qh7) 18. Qe2 {Hoping for e4.} Rf7 $2 {This costs Black the game.} ({Better is} 18... Qh7 $14) 19. e4 $18 fxe4 $2 (19... dxe4 {was necessary.} 20. dxe4 Nd7) 20. dxe4 dxe4 $2 (20... Bd7 {was worth a try.} 21. e5 (21. exd5 Qxe2 22. Rxe2 c5 $18) 21... Qxe5) 21. Nxe4 Nxe4 22. Qxe4 {And now Qg6+ would win.} Re8 23. Qd4 {[%csl Gb2][%cal Rd4h8]} Rh7 24. b5 Rd8 (24... c5 $142 25. Qd3 Rh6) 25. bxc6 bxc6 26. Rxc6 {Rxe6! is the strong threat.} Bc7 27. Qc3 Rd6 28. Rxc7 $2 (28. Be4 Rg7 {[#]} 29. Bd5 $1 {[%mdl 576] Pin} Rxc6 30. Qxc6 Bxd5 31. Qxd5+ Kh7 32. Rxe7 Rxe7 33. Qf5+ Kg8 34. Qf6) 28... Qxc7 29. Qf6 Qe7 (29... Qg7 {was called for.}) 30. Qe5 Rb6 $2 (30... Rg7 31. Be4 (31. Qxg7+ Qxg7 32. Bxg7 Kxg7 $14) 31... Qf8) 31. Bd4 Qg7 {Black wants to play ...Qxe5.} 32. Qxg7+ Rxg7 33. Bxb6 Rb7 34. Rxe6 axb6 35. Bxb7 {Accuracy: White = 53%, Black = 35%.} 1-0

[Event "Stay Safe Play From Home 361"]
[Site "Emanuel Lasker Arena"]
[Date "2020.08.06"]
[Round "3"]
[White "Edmatuag"]
[Black "Little champs"]
[Result "0-1"]
[WhiteElo "1721"]
[BlackElo "2144"]
[Annotator "TA"]
[PlyCount "82"]
[EventDate "2020.08.06"]
[EventType "swiss (blitz)"]

{[%evp 14,82,22,25,34,8,33,-39,25,-60,44,29,51,56,52,19,28,21,75,49,55,45,80,-46,156,157,148,26,350,97,75,75,98,83,94,80,79,76,87,50,156,0,91,0,73,0,89,30,30,37,186,172,184,170,198,95,92,96,341,335,342,337,344,343,339,326,522,322,575,292,295]} 1. e4 c6 2. Nf3 d5 3. exd5 cxd5 4. d4 Nc6 5. Bd3 Nf6 6. O-O g6 7. h3 Bg7 8. c3 O-O {B13: Caro-Kann: Exchange Variation and Panov-Botvinnik Attack.} 9. Bg5 {[#]} b6 $146 ({Predecessor:} 9... Bf5 10. Bxf5 gxf5 11. Bxf6 Bxf6 12. Re1 e6 13. Nbd2 Kh8 14. Ne5 Bxe5 15. dxe5 Rg8 {0-1 (60) Kocheev,A (2355)-Chigaev,M (2526) Minsk 2015}) 10. Qd2 (10. Bf4 $14) 10... Bb7 (10... Ne4 $15 11. Qe3 Nxg5 12. Qxg5 f6) 11. Na3 (11. Bh6 $11) 11... Rc8 (11... Ne4 $15 12. Qe3 Nxg5 13. Qxg5 f6) 12. Bh6 $14 Qd7 13. Bxg7 Kxg7 14. Nc2 Ne4 15. Qe2 f5 (15... e6 $11) 16. Ne5 Nxe5 17. dxe5 Qe6 18. f4 (18. a4 $16) 18... Qc6 $2 (18... Ng3 $15 {keeps the upper hand.} 19. Qf2 Nxf1) 19. Nd4 $16 Qd7 20. Bxe4 (20. Bb5 $16 Bc6 21. Bxc6 (21. Nxc6 Rxc6 22. Rfd1 Qe6 $16) 21... Rxc6 22. Qb5 {[%mdl 64] Pin} (22. Nxc6 Qxc6 23. Kh2 Qc7 $16)) 20... fxe4 $4 {[%mdl 8192] [#]} (20... dxe4 $11 {and Black has nothing to worry.} 21. g4 e6) 21. Qg4 $2 (21. f5 $1 $18 {[%mdl 512]}) 21... Qxg4 22. hxg4 Kg8 23. f5 Ba6 24. Rf2 Bd3 25. Ne6 Rf7 26. Ng5 Rg7 {[#]} (26... Rff8 $14) 27. Ne6 ({White has to play} 27. f6 $1 {[%cal Rf6g7]} exf6 28. exf6) 27... Rf7 28. Ng5 (28. Re1 $16) 28... Rff8 {[#]} (28... Rg7 $1 $11 {remains equal.}) 29. Ne6 (29. Re1 $1 $16) 29... Rfe8 (29... Rf7 $1 $11 {keeps the balance.}) 30. Nf4 ({White should try} 30. Re1 $16) 30... gxf5 $11 31. gxf5 Bc4 (31... e3 $1 $14 32. Rf3 Bxf5) 32. b3 $36 {[%mdl 2048] White is on the roll.} Bb5 33. Nxd5 Bc6 34. c4 (34. Ne3 $18 {is the precise move to win.}) 34... Bxd5 $16 35. cxd5 {[%mdl 4096] Endgame KRR-KRR} Rcd8 $2 (35... Red8 $16) 36. Rd1 $18 Kf7 37. Re2 Rg8 38. Rxe4 Rg5 39. Rh4 Kg7 $2 (39... h5 40. Rf4 b5) 40. Rf4 Rf8 $2 (40... h5 {was worth a try.} 41. Kh2 Kf7) 41. Rdf1 h5 {[%mdl 32768] Accuracy: White = 30%, Black = 37%. . Loss on time!?} 0-1

[Event "Stay Safe Play From Home 361"]
[Site "Emanuel Lasker Arena"]
[Date "2020.08.06"]
[Round "3"]
[White "Ao017545"]
[Black "Klasman"]
[Result "1-0"]
[WhiteElo "1522"]
[BlackElo "1368"]
[Annotator "NA RC"]
[PlyCount "45"]
[EventDate "2020.08.06"]
[EventType "swiss (blitz)"]

1. e4 {[%emt 0:00:01]} f5 {[%emt 0:00:01]} 2. exf5 {[%emt 0:00:02]} Nf6 {[%emt 0:00:01]} 3. g4 {[%emt 0:00:02]} h6 {[%emt 0:00:02]} 4. Nc3 {[%emt 0:00:06]} d5 {[%emt 0:00:01]} 5. Bb5+ {[%emt 0:00:02]} c6 {[%emt 0:00:02]} 6. Be2 {[%emt 0:00:01]} d4 {[%emt 0:00:03]} 7. Nb1 {[%emt 0:00:02]} e5 {[%emt 0:00:02]} 8. Na3 {[%emt 0:00:00]} Bxa3 {[%emt 0:00:05]} 9. bxa3 {[%emt 0:00:00]} O-O {[%emt 0:00:02]} 10. d3 {[%emt 0:00:02]} Nbd7 {[%emt 0:00:04]} 11. h4 {[%emt 0:00:01]} Nc5 {[%emt 0:00:02]} 12. g5 {[%emt 0:00:03]} Nd5 {[%emt 0:00:06]} 13. Bg4 {[%emt 0:00:05]} Bxf5 {[%emt 0:00:04]} 14. Bxf5 {[%emt 0:00:03]} Rxf5 {[%emt 0:00:01]} 15. gxh6 {[%emt 0:00:00]} Qf8 {[%emt 0:00:05]} 16. Nh3 {[%emt 0:00:06]} e4 {[%emt 0:00:05]} 17. Rg1 {[%emt 0:00:02]} exd3 {[%emt 0:00:05]} 18. Rxg7+ {[%emt 0:00:02]} Qxg7 {[%emt 0:00:03]} 19. hxg7 {[%emt 0:00:02]} Re8+ {[%emt 0:00:01]} 20. Kf1 {[%emt 0:00:03]} Ne3+ {[%emt 0:00:01]} 21. Bxe3 {[%emt 0:00:03]} dxe3 {[%emt 0:00:01]} 22. Qh5 {[%emt 0:00:00]} e2+ {[%emt 0:00:03]} 23. Ke1 {[%emt 0:00:02] Time Time Time Time Time} 1-0

[Event "Stay Safe Play From Home 361"]
[Site "Emanuel Lasker Arena"]
[Date "2020.08.06"]
[Round "4"]
[White "NTBT_DHS"]
[Black "Gokerkan"]
[Result "1-0"]
[WhiteElo "2642"]
[BlackElo "2617"]
[Annotator "TA"]
[PlyCount "133"]
[EventDate "2020.08.06"]
[EventType "swiss (blitz)"]

{[%evp 9,132,67,85,72,90,87,91,94,84,82,94,91,94,83,113,114,113,83,121,54,51,45,72,45,108,103,175,175,201,185,161,0,109,124,187,168,612,164,174,181,430,414,429,427,429,414,417,414,419,398,495,489,582,555,597,591,588,460,556,485,493,365,336,315,515,520,486,433,468,464,1885,1844,1938,1605,1784,1837,1674,1469,1411,1181,29955,1225,12800,6299,29982,29983,29984,29985,29986,29985,29985,29986,29987,29988,29988,29989,29989,29988,29988,29989,29991,29988,29988,29989,29989,29990,29992,29990,29991,29986,29990,29991,29991,29992,29992,29993,29995,29996,29997,29997,29997,29998,29998,29999,29999]} 1. d4 c5 2. d5 e5 3. Nc3 d6 4. e4 Be7 5. Bb5+ Kf8 6. a4 {A44: Semi-Benoni.} Bg5 7. Nf3 Bxc1 8. Qxc1 {[#] White is better.} Nf6 $146 ({Predecessor:} 8... g6 9. O-O Kg7 10. Ra3 Nf6 11. Nd2 Nh5 12. Ne2 a6 13. Bd3 Nd7 14. a5 Rf8 {½-½ (54) Krutti,V (2382)-Bokros,A (2487) Hungary 2009}) 9. O-O a6 10. Bc4 Nbd7 11. a5 b5 12. axb6 $1 Nxb6 13. Nd2 g6 14. f4 (14. Be2 $16) 14... exf4 $14 15. Rxf4 Kg7 16. Qf1 Rb8 (16... Qe7 $14) 17. Bxa6 $16 Bxa6 (17... Qe7 $16) 18. Rxa6 $18 Qe7 19. Nb5 {Strongly threatening Na7.} Nc8 20. Rc6 $2 ({Better is} 20. b4 $18 {Black must now prevent bxc5.} Nd7 21. Nb3) 20... Rd8 (20... Rxb5 $1 $11 21. Qxb5 Na7) 21. c4 $16 {Black is on the road to losing.} Nd7 (21... Nb6 $16 {was worth a try.} 22. h3 Ne8) 22. Rc7 $18 Qe8 $2 {[#]} (22... Kg8 23. Nf3 h6) 23. Qf3 $2 (23. Rxc8 $1 {[%mdl 512]} f6 (23... Rbxc8 24. Nxd6) 24. Rc7) 23... Ne5 24. Qc3 {Threatens to win with Nf3.} Rd7 $2 {[#]} (24... Kg8 {was necessary.} 25. b3 Rd7) 25. Nxd6 $1 {[%mdl 512]} Nxd6 26. Rxd7 {[%mdl 64] Overworked Piece} Qxd7 27. Qxe5+ Kg8 28. Qf6 Ne8 29. Qc3 Qe7 30. e5 Qb7 31. b3 Qa7 32. h4 Qe7 33. Qe3 Rd8 34. g3 Nd6 35. Nf3 Nf5 36. Qf2 Re8 $2 (36... Ra8 {was called for.} 37. Kh2 Ra1) 37. g4 Nd4 38. Nxd4 cxd4 39. Qxd4 Qxe5 (39... Qxh4 $142 40. Kg2 h5) 40. Qxe5 Rxe5 {[%mdl 4096] Endgame KR-KR} 41. Rd4 Kf8 42. Kf2 Ke8 43. c5 Kd7 44. b4 h5 45. g5 (45. d6 $142 Kd8 46. c6 Re6 47. b5 Rf6+ 48. Ke3 Re6+ 49. Kd3 Re5 50. b6) 45... f6 46. gxf6 Rf5+ 47. Ke3 {White mates.} Rxf6 48. b5 Rf1 49. b6 Re1+ 50. Kd2 Ra1 51. c6+ Kd6 52. b7 Rb1 53. Ke3 Rb6 54. Ke4 Kc7 55. Kf4 Rb1 56. Ke5 Re1+ 57. Re4 Rd1 58. Ke6 Rd2 59. Re5 g5 60. hxg5 h4 61. g6 h3 62. g7 h2 63. g8=Q {[%csl Gg8][%cal Rb7b8]} Rb2 {[#]} 64. b8=Q+ $1 Rxb8 65. d6+ Kxc6 66. Qxb8 {[%csl Gd6][%cal Rb8c7]} h1=Q 67. Qb5# {Accuracy: White = 77%, Black = 47%.} 1-0

[Event "Stay Safe Play From Home 361"]
[Site "Emanuel Lasker Arena"]
[Date "2020.08.06"]
[Round "4"]
[White "Uber_WING"]
[Black "AChessPlayer"]
[Result "1-0"]
[WhiteElo "2348"]
[BlackElo "2428"]
[Annotator "TA"]
[PlyCount "65"]
[EventDate "2020.08.06"]
[EventType "swiss (blitz)"]

{[%evp 9,65,0,26,21,28,31,70,41,56,22,20,10,17,-1,50,1,-4,-40,-31,-99,-44,-50,-34,-34,-37,-29,91,0,0,0,0,-130,-104,-105,-90,-92,-82,-79,-91,-98,-109,-169,-162,-166,-156,-228,-128,-106,-103,-181,-96,-183,-8,-66,0,-35,1345,1325]} 1. e4 e6 2. Nc3 d6 3. d3 g6 4. g3 Bg7 5. Bg2 Ne7 6. Be3 {C00: French: Unusual White 2nd moves.} c5 7. Qd2 h6 8. Nge2 {White is slightly better.} Nbc6 9. O-O Nd4 10. f4 Rb8 {[#]} 11. a3 $146 ({Predecessor:} 11. a4 Nxe2+ 12. Qxe2 b6 13. Qf2 O-O 14. d4 Nc6 15. d5 exd5 16. exd5 Nd4 17. Rfe1 {0-1 (46) Dehmel,S (1854)-Reis,G (2215) Nuremberg 2005}) 11... b5 (11... h5 $11) 12. Nd1 a5 13. Bxd4 (13. Nc1 {seems wilder.} Bb7 14. c3 Ndc6 15. e5 dxe5 16. Bxc5 O-O 17. fxe5 Nxe5 18. Bxb7 Rxb7 19. Qg2) 13... cxd4 14. g4 (14. c3 $15) 14... f5 ({Black should try} 14... Bd7 $17) 15. exf5 gxf5 16. gxf5 Nxf5 17. Ng3 Qf6 (17... Bf6 $11) 18. Bc6+ (18. Nxf5 $16 Qxf5 19. Qxa5) 18... Bd7 $11 19. Bxd7+ Kxd7 20. Ne4 (20. Qxa5 $11 Qg6 21. Rf2 (21. Qa7+ Kc6 $11)) 20... Qd8 21. Kh1 Rg8 22. Rg1 Bh8 23. Ndf2 Qc7 24. Rxg8 Rxg8 25. Rg1 (25. Ng3 $17) 25... Rxg1+ $19 26. Kxg1 Ne3 27. c3 (27. Ng3 $17) 27... dxc3 (27... Ke7 $19 28. Ng3 Qc5) 28. bxc3 $17 Nf5 {Hoping for ...d5.} 29. d4 {[#]} (29. Nd1 $17 {was necessary.}) 29... Qc4 (29... b4 $1 $19 {[%mdl 512]} 30. axb4 axb4 31. cxb4 Bxd4) 30. Qd3 (30. Ng3 $17 {might work better.}) 30... Qb3 $2 (30... Qxd3 $19 31. Nxd3 Ne3) 31. Nd2 ({Better is} 31. Ng3 $11 Qd5 32. Nxf5 Qxf5 33. Qf3) 31... Qa4 (31... Qd5 $15 32. Nf3 Kc7) 32. Nfe4 {Threatening d5.} (32. d5 $5 {[%cal Rd5e6]} Ke7 33. Qe2 Qxf4 34. Qxe6+ Kd8 35. Qg8+ {[%mdl 64] Double Attack} Kd7 36. Qf7+ Kd8 37. Qg8+ Kd7 38. Qf7+ Kd8 39. Qg8+ $11) 32... d5 $2 {[%mdl 8192]} (32... b4 $15 33. axb4 (33. Nc4 $2 Ke7 $19) 33... axb4) 33. Nc5+ {[%mdl 64] Double Attack. Accuracy: White = 48%, Black = 39%.} 1-0

[Event "Stay Safe Play From Home 361"]
[Site "Emanuel Lasker Arena"]
[Date "2020.08.06"]
[Round "4"]
[White "SoulofWolf"]
[Black "Tran Minh Thang"]
[Result "1-0"]
[WhiteElo "2253"]
[BlackElo "2465"]
[Annotator "TA"]
[PlyCount "113"]
[EventDate "2020.08.06"]
[EventType "swiss (blitz)"]

{[%evp 12,112,0,-4,0,-5,5,-22,3,0,20,0,33,0,24,27,34,27,45,40,78,51,103,81,131,139,139,131,307,146,194,182,243,251,238,216,273,280,329,331,339,339,312,317,394,-41,375,339,324,327,29977,29978,29977,29978,29978,29979,12840,12840,12843,12839,12841,12841,29981,12839,29993,12836,29995,29996,29996,29997,29998,29991,29991,-68,29994,29995,29995,29996,29996,29997,29997,29996,29996,29996,29996,29996,29996,29997,29997,29998,29998,29998,29998,29998,29998,29998,29998,29998,29998,29998,29998,29999,29999]} 1. d4 Nf6 2. Nf3 e6 3. Bg5 Be7 4. Nbd2 d5 5. e3 O-O 6. Bd3 b6 7. O-O Bb7 {[#] D03: 1 d4 d5 2 Nf3 Nf6 3 Bg5, including Torre Attack with early ...d5.} 8. a4 $146 ({Predecessor:} 8. c3 Nbd7 9. Qb1 c5 10. a4 h6 11. Bh4 a6 12. b4 cxb4 13. cxb4 Rc8 14. Qb2 Ne4 15. Bxe7 Qxe7 16. Rfc1 Qd6 17. h3 {½-½ (65) Artemiev,V (2716)-Sankalp,G (2429) chess.com INT 2020}) 8... c5 9. a5 Nbd7 {The position is equal.} 10. c3 bxa5 11. Qa4 c4 12. Bc2 Nb6 13. Qxa5 h6 14. Bh4 Nfd7 15. Bg3 Bf6 16. Rfe1 Qe7 (16... Be7 $14) 17. e4 $16 dxe4 18. Bxe4 Bxe4 19. Nxe4 {aiming for Bd6.} Nd5 $2 (19... Qd8 $16 20. Nfd2 Be7) 20. Qa4 (20. Bd6 $18 {and White stays clearly on top.} Qe8 21. Bxf8 Qxf8 22. Qb5) 20... Qd8 21. Qxc4 N7b6 (21... Be7 {was necessary.} 22. Nfd2 Qb6) 22. Qe2 $18 Be7 23. Ra2 Rc8 24. Rea1 f5 25. Nc5 (25. Rxa7 fxe4 26. Qxe4 Bf6 $16) 25... Bxc5 26. dxc5 ({But not} 26. Qxe6+ Kh7) 26... Rxc5 27. Qxe6+ Kh8 {[#]} 28. Bd6 $2 (28. Be5 $1 $18 {White wants to mate with Qxh6+.} Nf6 29. Rxa7) 28... Re8 $2 {[%mdl 8192]} (28... Rc6 $15 29. Ne5 Rxd6 30. Ng6+ Kh7 31. Nxf8+ Qxf8) 29. Qg6 Rc6 30. Rxa7 {[%csl Ga7][%cal Rg6g7]} ({Stronger than} 30. Ng5 hxg5 31. Rxa7 Nd7 $15) 30... Rg8 $2 (30... Ne7 $18 31. Bxe7 (31. Rxe7 Qxe7 32. Bxe7 Rxg6 $14) 31... Rxe7 32. Qxc6 Rxa7) 31. Ne5 {[%cal Re5f7]} Qe8 32. Nf7+ Qxf7 33. Rxf7 Nf4 34. Qxf5 Ne2+ 35. Kf1 {Intending Be5! and mate.} Rxd6 36. Kxe2 Nc4 37. Kf1 (37. Raa7 $142 Rd2+ 38. Ke1 Nd6 39. Qg6 Nxf7 40. Kxd2 Ng5 41. b4 Nh7 42. b5) 37... Rd2 {[#]} 38. Rf8 (38. Rxg7 $142 $1 Ne3+ (38... Rxg7 39. Ra8+) 39. fxe3 Rf2+ 40. Kxf2 Rxg7 41. Ra8+ Rg8 42. Qf6+ {[%mdl 64] Double Attack} Kh7 43. Ra7+ Rg7 44. Qxg7#) 38... Rxf8 39. Qxf8+ Kh7 40. Qf5+ Kg8 41. Re1 {[%cal Re1e8]} Rd8 42. Qc8 $2 (42. Qe6+ {mates} Kh7 43. Qe4+ Kg8 44. Qxc4+ Kf8 45. Qf4+ Kg8 46. Re7 Kh7 47. Qg4 Rd1+ 48. Ke2 Rd2+ 49. Kxd2 Kh8 50. Qxg7#) 42... Kh8 $2 {[%mdl 8192]} (42... Rxc8 $15 43. Re2 Kf7) 43. Qxd8+ {White mates.} Kh7 44. Qd3+ Kg8 45. Qxc4+ Kh7 46. b4 h5 47. b5 Kh6 48. b6 g6 49. b7 Kg5 50. b8=Q {[%csl Gb8][%cal Rc4f4]} h4 51. Qbb5+ Kh6 52. Qcc5 g5 53. Qxg5+ Kh7 54. Qgc5 Kh8 55. Qcc6 Kh7 56. Qbb7+ Kg8 57. Re8# {Black got outplayed after the opening. Accuracy: White = 67%, Black = 33%.} 1-0

[Event "Stay Safe Play From Home 361"]
[Site "Emanuel Lasker Arena"]
[Date "2020.08.06"]
[Round "4"]
[White "Little champs"]
[Black "Nuktotitakoi"]
[Result "0-1"]
[WhiteElo "2147"]
[BlackElo "2449"]
[Annotator "TA"]
[PlyCount "50"]
[EventDate "2020.08.06"]
[EventType "swiss (blitz)"]

{[%evp 14,50,33,-6,-6,0,-9,-52,-41,-57,-21,-58,-52,-127,-105,-197,-193,-660,-644,-645,-621,-706,-686,-681,-681,-1058,-1056,-1046,-1022,-1248,-1210,-2010,-1453,-1444,-1416,-3269,-3189,-2943,-2925]} 1. d4 d6 2. e3 Nf6 3. Nf3 g6 4. Be2 Bg7 5. O-O O-O 6. c4 Nbd7 7. Nc3 e5 8. d5 Nc5 {E61: King's Indian: Early deviations for White, including Smyslov System.} 9. Nd2 a5 {[%cal Ba7a5,Ba5a4][%mdl 32]} 10. a3 {[#]} a4 $146 {Black is slightly better.} ({Predecessor:} 10... Nfd7 11. e4 f5 12. f3 f4 13. b3 Nf6 14. Bb2 g5 15. b4 Na6 16. Na2 h5 {0-1 (34) Remenyik,D (1594)-Rosol,A (1779) Mureck 2016}) 11. e4 Bd7 12. f3 Nh5 13. Ndb1 (13. b4 $15 axb3 14. Nxb3) 13... Nf4 14. Bxf4 (14. Kh1 $17 {was necessary.}) 14... exf4 $19 15. Qd2 $2 (15. Bd3) 15... Nb3 $1 {[%csl LRa1,LRd2][%mdl 64] [#] Double Attack. Black is clearly winning.} 16. Qxf4 Nxa1 17. Nd2 Nb3 18. Nxb3 axb3 19. Bd1 Bxc3 20. bxc3 Rxa3 21. e5 dxe5 22. Qxe5 Re8 23. Qd4 Qe7 24. Kh1 Ra1 25. h3 b2 {Black took control after the opening. Accuracy: White = 24%, Black = 89%.} 0-1